000
00288nam a22001337a 4500
082
_a
823
_b
PAT/S
100
_a
PATRICIA, MACACBLAN
245
_a
SKYLARK
246
_a
SKYLARK
_b
SKYLARK
260
_a
NEW YORK
_b
HARPER COLLINS
_c
1997
300
_a
86
650
_a
ENGLISH STORY
942
_c
BK
999
_c
8961
_d
8961